Library of the University of Algiers 3
Ibrahim Sultan Cheibout
شعار جامعة الجزائر 3
مكتبة جامعة الجزائر 3
إبراهيم سلطان شيبوط

عمليات التورق وتطبيقاتها الإقتصادية في المصارف الإسلامية / (رقم التسجيلة. 43149)

تفاصيل مارك
000 -LEADER
fixed length control field 01024nam a2200217Ia 4500
003 - CONTROL NUMBER IDENTIFIER
control field Ost
005 - DATE AND TIME OF LATEST TRANSACTION
control field 20260507075126.0
008 - FIXED-LENGTH DATA ELEMENTS--GENERAL INFORMATION
fixed length control field 260507s9999||||xx |||||||||||||| ||und||
040 ## - CATALOGING SOURCE
Transcribing agency fsecg
041 ## - LANGUAGE CODE
Language code of text/sound track or separate title ara
082 ## - DEWEY DECIMAL CLASSIFICATION NUMBER
Classification number 330
100 ## - MAIN ENTRY--PERSONAL NAME
Personal name الرشيدي، أحمد فهد
Relator term مؤلف
245 #0 - TITLE STATEMENT
Title عمليات التورق وتطبيقاتها الإقتصادية في المصارف الإسلامية /
Statement of responsibility, etc. أحمد فهد الرشيدي
260 ## - PUBLICATION, DISTRIBUTION, ETC.
Place of publication, distribution, etc. عمان:
Name of publisher, distributor, etc. دار النفائس,
Date of publication, distribution, etc. 2005
300 ## - PHYSICAL DESCRIPTION
Extent 245 صفحة؛
Dimensions 24 سم
520 ## - SUMMARY, ETC.
Summary, etc. مفهوم التورق والمصطلحات المتصلة به-التورق الفقهي-التطبيقات المصرفية للتورق وتجاربها في المصارف الإسلامية-التقويم الفقهي والإقتصادي لعملية التورق في المصارف الإسلامية
653 ## - INDEX TERM--UNCONTROLLED
Uncontrolled term التورق
653 ## - INDEX TERM--UNCONTROLLED
Uncontrolled term التورق في المصارف الإسلامية
653 ## - INDEX TERM--UNCONTROLLED
Uncontrolled term تطبيقات التورق
942 ## - ADDED ENTRY ELEMENTS (KOHA)
Koha item type كتب

لا توجد مواد متاحة.

موارد الويب المفتوحة


© University of Algiers 3 All Rights Reserved
|
Implemented by LECHELAH Riad